Normal view
MARC view
Entry Personal Name
001 - CONTROL NUMBER
- control field: 8578
003 - CONTROL NUMBER IDENTIFIER
- control field: BD-RjUL
005 - DATE AND TIME OF LATEST TRANSACTION
- control field: 20230826104901.0
008 - FIXED-LENGTH DATA ELEMENTS
- fixed length control field: 230826|| aca||aabn | a|a d
040 ## - CATALOGING SOURCE
- Original cataloging agency: BD-RjUL
- Transcribing agency: BD-RjUL
100 ## - HEADING--PERSONAL NAME
- Personal name: শফিকুল্লাহ, মুহাম্মদ, তত্ত্বাবধায়ক
670 ## - SOURCE DATA FOUND
- Source citation: Work cat.: (BD-RjUL)81775: আলম, আবুল হায়াত মো. মশিউল 8577, ইসলামী মূল্যবোধ প্রতিষ্ঠায় ত্তমর ইবন আব্দুল আজিজের (রঃ) অবদান /, ২০০৩